00750cam a22002411 4500001001300000003000400013005001700017008004100034010001700075035002000092040004600112042001200158050002100170100003800191245004300229260004400272300001700316490005700333500001900390500004600409650003600455999001700491f 18000687 DLC20260227111248.0931103s1918 dcu 000 0 eng c af 18000687  a(OCoLC)29238360 aLibrary, U. S.Bur. of FisheriescNcDdDLC apremarc00aSH11b.A2 no. 371 aKendall, William Converse,d1861-10aHow the angler may preserve his catch. a[Washington,bGovt. print. off.,c1918] a7 p.c24 cm.0 aU. S. Bureau of fisheries. Economic circularvno. 37 aCaption title. aAt head of title: Department of commerce. 0aFishery productsxPreservation. c23241d23241